Statistiques concernant Culture Générale - Série 1489

Cliquez ici pour prendre le quiz!

Statistiques générales

  • Ce quiz a été pris 78 fois
  • Le résultat moyen est 6 sur 10

Statistiques - réponses

QuestionRéponse% Correct
Complétez le proverbe : "Quand le chat n'est pas là, les souris ...dansent
99%
Complétez le titre de la fable de La Fontaine : "Le chêne et le ...roseau
89%
Quel arbre à l'écorce blanc argenté a pour nom un homonyme du mot travail ?bouleau
88%
Quel mot se cache derrière le "M", du groupe de rap NTM ?Mère
86%
De quel sport, le Top 14 est-il le championnat de France ?rugby
82%
Quel acteur américain interprète le mari de Kathleen Turner, dans le film "La Guerre des Rose", sorti en 1990 ?Michael Douglas
42%
Dans quelle série télévisée Sarah Jessica Parker incarne-t-elle Carrie Bradshaw ?Sex And The City
34%
Quel Britannique est l'auteur du roman de 1956 : "Les diamants sont éternels" ?Ian Fleming
27%
Quelle est la ville de l'Aisne où est né Jean de la Fontaine ?Château-Thierry
18%
Le 21 juillet 1798, quelle bataille de la campagne d'Égypte Bonaparte remporta-t-il sur les mamelouks ?La bataille des Pyramides
15%

Distribution des résultats

Percentile par nombre de réponses

% des personnes avec chaque résultat

Votre développement - résultats

Vous n’avez pas pris ce quiz